000 00305nam a22001217a 4500
008 181024b xxu||||| |||| 00| 0 eng d
041 _aeng
080 _a540
100 _a12
101 _aKIM
245 _aChemical Anatomy Physiology and Pathology of Extracellular Fluid
_cGamble,J.L
942 _2udc
_cBK
999 _c50833
_d50833